Correspondencia de don Francisco de Luzón al Rey solicitándole que nombre otros jueces para tratar su caso

Detalles Bibliográficos
Otros Autores: Francisco de Luzón
Formato: Libro
Publicado: s.l., s.f.
Materias:
Colección:Banco de datos
Acervo:Biblioteca Palafoxiana. Colección de Manuscritos
Descripción Física:6 f. ; 21 x 30 cm.
Tema general:Civil
LEADER 00441nam a22001450004500
035 |a 781 
245 1 0 |a Correspondencia de don Francisco de Luzón al Rey solicitándole que nombre otros jueces para tratar su caso 
260 |a s.l., s.f. 
300 |a 6 f. ; 21 x 30 cm. 
650 1 0 |a Civil 
700 1 |a Francisco de Luzón 
949 |a 19676/003 
942 |c PALAMANU 
943 |g Biblioteca Palafoxiana. Colección de Manuscritos 
999 |c 1068726  |d 1068726